[Event "Varazdinske Toplice op"]
[Site "Varazdinske Toplice"]
[Date "2022.12.26"]
[Round "3"]
[White "Sliepcevic, Mladen"]
[Black "Hanjs, Vladimir"]
[Result "1-0"]
[WhiteElo "2124"]
[BlackElo "1707"]
[PlyCount "51"]
[EventDate "2022.12.26"]
[EventType "swiss"]
[EventRounds "9"]
[EventCountry "CRO"]
[SourceTitle "CBM 211 Extra"]
[Source "ChessBase"]
[SourceDate "2023.01.31"]
[SourceVersion "1"]
[SourceVersionDate "2023.01.31"]
[SourceQuality "1"]

1. d3 d5 2. f4 e6 3. Nf3 Nf6 4. g3 c5 5. Bg2 Nc6 6. 0-0 Bd6 7. Qe1 0-0 8. c3 b6 9. e4 e5 10. exd5 Nxd5 11. Nxe5 Bxe5 12. fxe5 Bb7 13. Na3 Re8 14. Bf4 Nxf4 15. gxf4 Qxd3 16. Be4 Qh3 17. Qg3 Qxg3+ 18. hxg3 a6 19. Nc4 Nd8 20. Bxb7 Nxb7 21. Nxb6 Rad8 22. Rad1 g6 23. Kg2 Na5 24. b3 Nc6 25. Nd7 Rc8 26. Nf6+ 1-0

[Event "CRO-chT3 Center-A"]
[Site "Zagreb"]
[Date "2011.10.16"]
[Round "9.45"]
[White "Golub, Vladimir"]
[Black "Sliepcevic, Mladen"]
[Result "1/2-1/2"]
[WhiteElo "2056"]
[BlackElo "2181"]
[PlyCount "53"]
[EventDate "2011.03.13"]
[EventType "team-tourn"]
[EventRounds "11"]
[EventCountry "CRO"]
[SourceTitle "EXT 2014"]
[Source "ChessBase"]
[SourceDate "2013.11.20"]
[SourceVersion "1"]
[SourceVersionDate "2013.11.20"]
[SourceQuality "1"]

1. e4 c5 2. Nf3 d6 3. d4 cxd4 4. Nxd4 Nf6 5. Nc3 Nc6 6. f3 e5 7. Nb3 Be6 8. Bg5 Be7 9. Qd2 a5 10. Bb5 0-0 11. 0-0-0 d5 12. exd5 Nxd5 13. Bxe7 Ncxe7 14. Nc5 Nxc3 15. Qxc3 Qb6 16. Nxe6 Qxe6 17. Bc4 Qc6 18. Qd3 Rac8 19. b3 Qc5 20. Qd6 b5 21. Qxc5 Rxc5 22. Bd3 Nd5 23. Kb2 Rfc8 24. Rd2 g6 25. c4 bxc4 26. Bxc4 Nb6 27. Bd3 1/2-1/2

[Event "CRO-chT3A Center"]
[Site "Zagreb"]
[Date "2010.10.24"]
[Round "8.43"]
[White "Sliepcevic, Mladen"]
[Black "Ivekovic, Bozidar"]
[Result "1-0"]
[WhiteElo "2199"]
[BlackElo "2109"]
[PlyCount "117"]
[EventDate "2010.03.21"]
[EventType "team-tourn"]
[EventRounds "11"]
[EventCountry "CRO"]
[SourceTitle "EXT 2012"]
[Source "ChessBase"]
[SourceDate "2011.11.24"]
[SourceVersion "1"]
[SourceVersionDate "2011.11.24"]
[SourceQuality "1"]

1. d3 d5 2. f4 Bg4 3. h3 Bd7 4. Nf3 Nf6 5. Nbd2 Nh5 6. e3 Ng3 7. Rg1 e6 8. Kf2 Nxf1 9. Nxf1 Be7 10. Bd2 0-0 11. g4 c5 12. Ng3 Nc6 13. c3 Qb6 14. Qc2 Rac8 15. h4 d4 16. h5 dxe3+ 17. Bxe3 Nd4 18. Qd2 Nxf3 19. Kxf3 Bc6+ 20. Kf2 Qd8 21. Qe2 b6 22. g5 Qc7 23. Qg4 Rcd8 24. Rad1 Bd6 25. Ne4 Bxe4 26. dxe4 Be7 27. g6 fxg6 28. hxg6 Qe5 29. gxh7+ Kh8 30. Ke2 Qf6 31. Rxd8 Bxd8 32. Qh5 Bc7 33. e5 Qf7 34. Qh3 Rd8 35. Qg2 Qh5+ 36. Qf3 Qxf3+ 37. Kxf3 Kxh7 38. Ke4 g6 39. b4 cxb4 40. cxb4 Kg7 41. Rc1 Rd7 42. Rc6 Kf7 43. a4 Ke7 44. Bf2 Kf7 45. b5 Bd8 46. Rc8 Rd2 47. Bd4 Be7 48. Rc7 Ra2 49. Rxa7 Ke8 50. Bxb6 Bb4 51. Be3 Re2 52. Ra8+ Kd7 53. Kd3 Ra2 54. Kc4 Be1 55. Ra7+ Kc8 56. b6 Ra3 57. Bc5 Rc3+ 58. Kb5 Bg3 59. Kc6 1-0

[Event "CRO-chT3"]
[Site "Zagreb"]
[Date "2009.04.19"]
[Round "5"]
[White "Pecnik, Leo"]
[Black "Sliepcevic, Mladen"]
[Result "1/2-1/2"]
[WhiteElo "2277"]
[BlackElo "2220"]
[PlyCount "93"]
[EventDate "2009.03.08"]
[EventType "team-tourn"]
[EventRounds "9"]
[EventCountry "CRO"]
[SourceTitle "EXT 2011"]
[Source "ChessBase"]
[SourceDate "2010.11.26"]
[SourceVersion "1"]
[SourceVersionDate "2010.11.26"]
[SourceQuality "1"]

1. e4 c5 2. Nf3 d6 3. d4 cxd4 4. Nxd4 Nf6 5. Nc3 Nc6 6. Bg5 e6 7. Qd2 Be7 8. 0-0-0 0-0 9. f4 Nxd4 10. Qxd4 Qa5 11. Bc4 Bd7 12. e5 dxe5 13. fxe5 Bc6 14. Bd2 Nd7 15. Nd5 Qd8 16. Nxe7+ Qxe7 17. Rhe1 Nb6 18. Bf1 Rac8 19. Kb1 Rfd8 20. Qg4 Qc5 21. Bb4 Rxd1+ 22. Rxd1 Qxc2+ 23. Kxc2 Bf3+ 24. Kd2 Bxg4 25. Rc1 Rxc1 26. Kxc1 Bf5 27. g3 Be4 28. Bc5 Nd7 29. Bd4 a6 30. b4 f6 31. exf6 gxf6 32. b5 e5 33. Be3 axb5 34. Bxb5 Nf8 35. a4 Kf7 36. a5 f5 37. a6 bxa6 38. Bxa6 Kg6 39. Bc8 Bd5 40. Bc5 Be6 41. Bxf8 Bxc8 42. Bd6 Kf6 43. Kd2 Ke6 44. Bc7 Kd5 45. Ke3 Ba6 46. Bb8 Bf1 47. h4 1/2-1/2

[Event "CRO-chT3"]
[Site "Zagreb"]
[Date "2009.03.15"]
[Round "3"]
[White "Sliepcevic, Mladen"]
[Black "Brigljevic, Milan"]
[Result "1/2-1/2"]
[WhiteElo "2220"]
[BlackElo "2294"]
[PlyCount "33"]
[EventDate "2009.03.08"]
[EventType "team-tourn"]
[EventRounds "9"]
[EventCountry "CRO"]
[SourceTitle "EXT 2011"]
[Source "ChessBase"]
[SourceDate "2010.11.26"]
[SourceVersion "1"]
[SourceVersionDate "2010.11.26"]
[SourceQuality "1"]

1. d3 d5 2. f4 Nf6 3. g3 c5 4. Nf3 Nc6 5. Bg2 g6 6. 0-0 Bg7 7. Qe1 0-0 8. e4 dxe4 9. dxe4 e5 10. Nc3 Nd4 11. fxe5 Ng4 12. Nxd4 cxd4 13. Nd5 Nxe5 14. Bf4 Be6 15. Qb4 Bxd5 16. exd5 Rc8 17. Rae1 1/2-1/2

[Event "Bosnjaci op 9th"]
[Site "Bosnjaci"]
[Date "2003.01.05"]
[Round "4"]
[White "Sliepcevic, Mladen"]
[Black "Franic, Milan"]
[Result "0-1"]
[WhiteElo "2245"]
[BlackElo "2425"]
[PlyCount "86"]
[EventDate "2003.01.03"]
[EventType "swiss"]
[EventRounds "7"]
[EventCountry "CRO"]
[SourceTitle "EXT 2004"]
[Source "ChessBase"]
[SourceDate "2003.11.25"]
[SourceVersion "1"]
[SourceVersionDate "2003.11.25"]
[SourceQuality "1"]

1. d3 c5 2. f4 Nc6 3. Nf3 g6 4. g3 Bg7 5. Bg2 e6 6. 0-0 Nge7 7. c3 0-0 8. e4 d6 9. a4 b6 10. Na3 Bb7 11. Re1 e5 12. Nc4 Qc7 13. Qb3 Rab8 14. Be3 Bc8 15. Bf2 h6 16. Ne3 Be6 17. Nd5 Nxd5 18. exd5 Na5 19. Qa2 Bf5 20. fxe5 dxe5 21. Rad1 Rfe8 22. b4 Nb7 23. bxc5 Nxc5 24. Qc4 Rbc8 25. Bxc5 Qxc5+ 26. Qxc5 bxc5 27. h3 e4 28. dxe4 Bxe4 29. Re3 Bc2 30. Rde1 Rxe3 31. Rxe3 Bxa4 32. Re7 Bxc3 33. Rxa7 Bb3 34. d6 Be6 35. d7 Rd8 36. Rc7 c4 37. Bf1 Rxd7 38. Rxd7 Bxd7 39. Bxc4 Bxh3 40. Kf2 Kg7 41. Ke3 Kf6 42. Kf4 Ba5 43. Ng1 Be6 0-1

[Event "Pula PCA op"]
[Site "Pula"]
[Date "1994.??.??"]
[Round "?"]
[White "Sliepcevic, Mladen"]
[Black "Palac, Mladen"]
[Result "0-1"]
[WhiteElo "2320"]
[BlackElo "2505"]
[PlyCount "54"]
[EventDate "1994.10.??"]
[EventType "swiss"]
[EventRounds "9"]
[EventCountry "CRO"]
[SourceTitle "EXT 1997"]
[Source "ChessBase"]
[SourceDate "1996.11.15"]
[SourceVersion "1"]
[SourceVersionDate "1996.11.15"]
[SourceQuality "1"]

1. d3 e5 2. Nf3 Nc6 3. c4 f5 4. Nc3 d6 5. e3 Nf6 6. Be2 g6 7. 0-0 Bg7 8. Rb1 0-0 9. b4 h6 10. c5 Be6 11. d4 exd4 12. exd4 Ne4 13. Bb2 Nxc3 14. Bxc3 Bxa2 15. Rc1 Bd5 16. b5 Ne7 17. Bb4 g5 18. Qd3 Ng6 19. g3 Qf6 20. cxd6 cxd6 21. Rc7 f4 22. Rd7 Rad8 23. Rxd8 Rxd8 24. Rd1 fxg3 25. fxg3 g4 26. Ne1 Rf8 27. Qe3 h5 0-1